000 00768nam a2200253Ia 4500
003 OSt
005 20220925223403.0
006 a|||||r|||| 00| 0
007 ta
008 220923b |||||||| |||| 00| 0 eng d
020 _a0415290465
_c10719.60
037 _b906, 08/08/2006, VARDHMAN
_cGeneral Book
040 _aRTL
_cRTL
_beng
041 _2eng
_aeng
082 _aYk, P6/RR
100 _aHarrington Austin Ed.
_9289533
245 0 _aEncyclopedia of social theory Ed by Austin Harring
260 _aLondon
_bRoutledge
_c2006
300 _axxi, 723p
_ccm.
500 _aBibliography chapterwise
650 _aSociology
942 _hYk, P6/RR
_cGB
_2CC
999 _c579388
_d579388